Stati per tasso di mortalità - Europa - Statistics

Statistiche generali
  • Questo quiz è stato fatto 9 volte
  • Il punteggio medio è 8 su 10
Statistiche sulle risposte
Tasso di mortalità (morti/ 1000 abitanti) Nazione % Corretto
12,81 Bielorussia
100%
14,31 Bulgaria
100%
13,13 Estonia
89%
15,12 Serbia
89%
13,70 Ucraina
89%
14,69 Lettonia
78%
15,14 Lituania
78%
14,92 Romania
78%
12,89 Ungheria
67%
12,98 Croazia
56%
Nessun quiz corrispondente trovato
Distribuzione punteggi
Percentuale di utenti per punteggio
Percentile per numero di risposta
I tuoi punteggi nel tempo
Non hai fatto questo quiz